000 00371 a2200109 4500
001 ART_30437
005 20260410162004.0
008 260409a
245 1 0 _aLa enseñanza de las finanzas públicas en las facultades de ciencias económicas argentinas
100 1 _aMacon, Jorge
773 0 _tBoletín Informativo ASAP
_g- Nº 19 (jun. 1988)
_wREV30391
999 _c31523
_d31523